200 suosituinta naisten nimeä alkukirjaimella L - Statistics

Yleistilastot
  • Tätä visaa on pelattu 531 kertaa
  • Keskiarvotulos 87 / 200
Vastaustilastot
% Oikein
Li
100%
Le
99%
Lee
99%
Leen
99%
Lin
99%
Lo
98%
Liis
96%
Liisa
96%
Lisa
96%
Liza
96%
Lu
95%
Leena
94%
Lena
94%
Laura
93%
Lei
92%
Liina
89%
Lina
89%
Leila
86%
Lejla
86%
Leyla
86%
Liilia
85%
Lilia
85%
Liliia
85%
Lilija
85%
Liliya
85%
Lilja
85%
Lilya
85%
Lotta
85%
Linn
83%
Lynn
83%
Laila
82%
Layla
82%
Lea
82%
Léa
82%
Leah
82%
Leea
82%
Linéa
81%
Linne
81%
Linnea
81%
Linnéa
81%
Laina
79%
Lili
79%
Lilli
79%
Lilly
79%
Lily
79%
Ly
79%
Lumi
76%
Leni
75%
Liisi
75%
Loviisa
73%
Lovisa
73%
Lenita
72%
Lydia
72%
Lyydia
72%
Linda
70%
Lahja
69%
Lia
67%
Liia
67%
Lija
67%
Liv
67%
Liya
67%
Luna
65%
Liila
64%
Lila
64%
Lyyli
64%
Lilian
62%
Liliane
62%
Lillian
62%
Lilyan
62%
Lisbet
61%
Lisbeth
61%
Leeni
60%
Liivia
60%
Livia
60%
Lola
59%
Lembi
56%
Lempi
56%
Lyydi
55%
Lara
53%
Leia
52%
Leija
52%
Leya
52%
Lotte
51%
Lauha
48%
Lana
45%
Lise
45%
Louna
44%
Lian
43%
Liinu
42%
Lulu
42%
Lyyti
42%
Larisa
40%
Larissa
40%
Larysa
40%
Leo
40%
Liana
40%
Lianna
40%
Liyana
40%
Lauriina
39%
Lucia
39%
Lissu
38%
Louise
37%
Lovis
37%
Leena-Maija
36%
Lumia
36%
Line
35%
Lora
34%
Leenu
33%
Leina
33%
Lilla
32%
Lorna
32%
Louisa
31%
Luisa
31%
Luiza
31%
Lioudmila
30%
Liudmila
30%
Ljudmila
30%
Ludmila
30%
Lumina
30%
Lydmila
30%
Liselott
29%
Liselotte
29%
Liliana
27%
Lilianna
27%
Lolita
26%
Lumikki
26%
Laura-Maria
25%
Leona
25%
Laine
24%
Lilith
23%
Lauren
22%
Leonor
21%
Leonora
21%
Leonore
21%
Lidia
21%
Lidija
21%
Liidia
21%
Liisu
21%
Lucie
21%
Lucy
21%
Linea
20%
Laimi
19%
Leana
17%
Leanna
17%
Lida
17%
Liida
17%
Lova
17%
Lowa
17%
Lisette
16%
Lizette
16%
Luca
16%
Luka
16%
Leena-Kaisa
14%
Linda-Maria
14%
Liz
14%
Lyra
14%
Lyyra
14%
Leili
13%
Lene
13%
Lumo
13%
Lioubov
12%
Liubov
12%
Ljubov
12%
Lada
10%
Lani
10%
Larin
10%
Lilo
10%
Lorena
10%
Lucinda
10%
Leanne
9%
Leone
8%
Leonie
8%
Leticia
7%
Liine
7%
Lillemor
7%
Luana
7%
Laia
6%
Lorin
5%
Lotten
5%
Liona
4%
Livian
4%
Lavin
3%
Lavinia
3%
Linh
2%
Lisen
2%
Luciana
2%
Luul
2%
Lykke
2%
Lamia
1%
Latifa
1%
Leandra
1%
Luz
1%
Ladan
0%
Lamar
0%
Laxmi
0%
Layan
0%
Lirije
0%
Lolan
0%
Luljeta
0%
Lumnije
0%
Ehtoja vastaavia visoja ei löytynyt
Tulosjakauma
Jokaisen tuloksen saaneiden osuus
Persentiili vastausten määrän mukaan
Tuloshistoriasi
Et ole pelannut tätä visaa